Word Ladder: Bathroom Humor Quiz Stats

 Plays Quiz Updated Feb 18, 2014

Support Sporcle.
Go Orange.
Score 0/23 Timer 03:00
0 Plays Today
Hint 4-Letter Word % Correct
With [Rung 23], where a toilet is•BATH•
91.1%
Flying mammalsBATS
90.6%
It's at the end of your legFOOT
90.3%
____ Hour, Jackie Chan movieRUSH
89.4%
Crop that grows in kernelsCORN
89.3%
√x: Square ____ROOT
89%
Black and yellow stinging insectWASP
87.9%
With [Rungs 1, 6, or 10], where a toilet is•ROOM•
87.2%
Male singing voice (or fish)BASS
86%
Careless (or red spots on your skin)RASH
84.2%
Half-dollar, e.g.COIN
83.3%
Superlative of 'Good'BEST
83%
Hint 4-Letter Word % Correct
Looks old and damagedWORN
80.2%
President Truman's wifeBESS
79%
With [Rung 23], where a toilet is•WASH•
78.6%
Make someone aware of a problemWARN
77%
To connect two thingsJOIN
76.4%
Become bent or curvedWARP
75.4%
Rough, red substanceRUST
72.3%
With [Rung 23], where a toilet is•REST•
71.8%
Where a toilet is•JOHN•
65.2%
Another term for 'Spork'FOON
55.4%
Type of dry down-slope windFÖHN
43.1%

Today's Daily Dose

Quick Pick
Nissan Models

Get the Picture
Amazing Trees

From the Vault

Books of the Torah Blitz

by zachHu1

Religion 30s
This could be the first time that Torah and Blitz were used in the same title for anything ever.
Remove Ads.
Support Sporcle.
Get the best of Sporcle when you Go Orange. This ad-free experience offers more features, more stats, and more fun while also helping to support Sporcle. Thank you for becoming a member.

Show Comments

Extras

Top Quizzes Today


Score Distribution

Your Account Isn't Verified!

In order to create a playlist on Sporcle, you need to verify the email address you used during registration. Go to your Sporcle Settings to finish the process.

Report this User

Report this user for behavior that violates our Community Guidelines.

Details: